000 00609nam a22001937a 4500
005 20180321144423.0
010 _aENG-122359
020 _a9789385485046
_c450.00
035 _aEN-105891
037 _bDBAD/PUB
082 _a320.550954
100 _aElst, Koenraad
245 _aOn modi time:
_cby Koenraad Elst
_bMerits and flaws of hindu activism in its day of incumbency/
250 _a1st ed.
260 _aNew Delhi
_bVoice of India
_c2015
270 _a2/18, Ansari Road Daryaganj,
_bNew Delhi
_e110002
300 _a254p.
_c25cm.(Hb)
_bill.
942 _2ddc
_cEN
_h320.550954
_mELS
999 _c150452
_d150452